LEADER 04717nam 22007212 450 001 9910824397003321 005 20201217132339.0 010 $a90-485-1627-7 024 7 $a10.1515/9789048516278 035 $a(CKB)3710000000244797 035 $a(EBL)1791732 035 $a(SSID)ssj0001375361 035 $a(PQKBManifestationID)11718276 035 $a(PQKBTitleCode)TC0001375361 035 $a(PQKBWorkID)11336515 035 $a(PQKB)10846717 035 $a(MiAaPQ)EBC1791732 035 $a(DE-B1597)502578 035 $a(OCoLC)892344209 035 $a(DE-B1597)9789048516278 035 $a(UkCbUP)CR9789048516278 035 $a(Au-PeEL)EBL1791732 035 $a(CaPaEBR)ebr10938433 035 $a(CaONFJC)MIL797713 035 $a(EXLCZ)993710000000244797 100 $a20201130d2014|||| uy| 0 101 0 $aeng 135 $aur||||||||||| 181 $ctxt$2rdacontent 182 $cc$2rdamedia 183 $acr$2rdacarrier 200 00$aDynamics of religion in Southeast Asia $emagic and modernity /$fedited by Volker Gottowik$b[electronic resource] 210 1$aAmsterdam :$cAmsterdam University Press,$d2014. 215 $a1 online resource (338 pages) $cdigital, PDF file(s) 225 1 $aIIAS publications series. Monographs 225 1 $aGlobal Asia ;$v2 300 $aTitle from publisher's bibliographic system (viewed on 14 Dec 2020). 311 $a90-8964-424-5 320 $aIncludes bibliographical references. 327 $aSpirit in and out of southeast Asia's modernity / Peter J. Bra?unlein -- The social placing of religion and spirituality in Vietnam in the the context of Asian modernity / Michael Dickhardt -- Where the dead go to the market : market and ritual as social systems in upland southeast Asia / Guido Sprenger -- Modernity and spirit possession in Java : horse dance and its contested magic / Paul Christensen -- Hadhrami modern : recurrent dynamics as historical rhymes of Indonesia's reformist Islamic organization Al-Irsyad / Martin Slama -- Mubeng Beteng : a contested ritual of circumambulation in Yogyakarta / Susanne Rodemeier -- 'Muslim modernities' in Makassar and Yogykarta : negotiating 'the West' as a frame of reference / Melanie V. Nertz -- Cosmological battles : understanding susceptibility and resistance to transnational Islamic revivalism in Java / Thomas Reuter -- Modes of interreligious coexistence and civility in Maluku / Birgit Bra?uchler -- Ethnicity and violence in Bali : and what Barong Landung says about it / Volker Gottowik -- Contested Moksa in Balinese Agama Hindu : Balinese death rituals between ancestor worship and modern Hinduism / Annette Hornbacher -- Good girls : Christianity, modernity and gendered morality in Tanah Karo, North Sumatra / Karin Klne\e -- Bukit Kasih, the Hill of Love : multireligiosity for pleasure / Judith Schlehe. 330 $aModernity is surrounded by an almost magic aura that casts a spell over people all over the world. To connect with modernity, various ways and means are used, among them magic practices and religious ideas. Dynamics of Religion in Southeast Asia: Magic and Modernity deals with the magic in and of modernity and asks about its current significance for the dynamics of religion in Southeast Asia. Drawing on recent ethnographic research in this area, the contributors to this wide-ranging volume demonstrate how religious concepts contribute to meeting the challenges of modernity. Against this background, religion and modernity are no longer perceived as in contradiction; rather, it is argued that a revision of the western notion of religion is required to understand the complexity of 'multiple modernities' in a globalised world. Dynamics of Religion in Southeast Asia: Magic and Modernity is part of the series Global Asia, published by Amsterdam University Press (AUP) in close collaboration with the International Institute for Asian Studies (IIAS) 410 0$aIIAS publications series.$pMonographs. 410 0$aGlobal Asia (Amsterdam, Netherlands) ;$v2. 606 $aSoutheast Asia$xReligion 606 $aRELIGION / General$2bisacsh 607 $aSoutheast Asia$xReligion 610 $aModernity. 610 $aethnography. 610 $amagic. 610 $apopular religion. 610 $asouth-east Asia. 615 0$aSoutheast Asia$xReligion. 615 7$aRELIGION / General. 676 $a200.959 702 $aGottowik$b Volker 702 $aKhong$b Chiang 712 02$aInternational Institute for Asian Studies. 801 0$bUkCbUP 801 1$bUkCbUP 906 $aBOOK 912 $a9910824397003321 996 $aDynamics of religion in Southeast Asia$93980864 997 $aUNINA LEADER 04176nam 2200637 450 001 9910811568603321 005 20200520144314.0 010 $a0-8131-9202-1 010 $a0-8131-5006-X 035 $a(CKB)3710000000333830 035 $a(EBL)1914945 035 $a(SSID)ssj0001401578 035 $a(PQKBManifestationID)11755550 035 $a(PQKBTitleCode)TC0001401578 035 $a(PQKBWorkID)11351276 035 $a(PQKB)10378823 035 $a(OCoLC)900344055 035 $a(MdBmJHUP)muse43734 035 $a(Au-PeEL)EBL1914945 035 $a(CaPaEBR)ebr11011740 035 $a(CaONFJC)MIL690692 035 $a(MiAaPQ)EBC1914945 035 $a(EXLCZ)993710000000333830 100 $a20150205h20092009 uy 0 101 0 $aeng 135 $aur|n|---||||| 181 $ctxt 182 $cc 183 $acr 200 00$aChallenges to Chinese foreign policy $ediplomacy, globalization, and the next world power /$fedited by Yufan Hao, C. X. George Wei, and Lowell Dittmer 210 1$aLexington, Kentucky :$cThe University Press of Kentucky,$d2009. 210 4$dİ2009 215 $a1 online resource (384 p.) 225 1 $aAsia in the New Millennium 300 $aIncludes index. 311 $a1-322-59410-4 311 $a0-8131-2529-4 320 $aIncludes bibliographical references and index. 327 $aCover; Title; Copyright; Contents; Introduction; 1. Overview: The Evolution of China's Diplomacy and Foreign Relations in the Era of Reform, 1976-2005; Part I: China's Relations with the United States; 2. Building a New Conceptual Framework for U.S.-China Relations; 3. China's New Leadership and Strategic Relations with the United States; 4. American Nuclear Primacy or Mutually Assured Destruction: The Future of the U.S.-China Strategic Balance of Power; Part II: China's Relations with Other Major Powers; 5. The Sino-Russian Strategic Relationship: Ghost of the ""Strategic Triangle""? 327 $a6. The European Union and China: Partnership with Competition7. China's Japan Policy: Beijing's View of the U.S.-Japan Alliance; Part III: China's Regional Relations; 8. The Korean Peninsula: A Chinese View on the North Korean Nuclear Issue; 9. China's Dilemma over the North Korean Nuclear Problem; 10. Changes in South Asia since 9/11 and China's Policy Options; 11. After the Anti-Secession Law: Cross-Strait and U.S.-China Relations; 12. Hong Kong and Macao: In between China and the West; Part IV: Chinese Diplomacy with Chinese Characteristics 327 $a13. Between Rhetoric and Pragmatism: Nationalism as a Driving Force of Chinese Foreign Policy14. Engagement or Sanction? U.S. Economic Diplomacy toward China since the Cold War; 15. The Rupture of the Sino-Soviet Alliance: An Assessment of the National Intelligence Evaluation; 16. A Misty Cold War in the Himalayas: China's Historical Temperament in International Relations; 17. An Intercultural Communication Model of International Relations: The Case of China; Conclusion; English-Chinese Terms; About the Contributors; Index; A; B; C; D; E; F; G; H; I; J; K; L; M; N; O; P; Q; R; S; T; U; V; W 327 $aXY; Z 330 $aWhen Beijing hosted the 2008 Summer Olympics, China symbolically asserted its role as an emerging world power -- a position it is not likely to relinquish anytime soon. China's growing economy, military reforms, and staggering productivity have contributed to its ascendancy as a major player in international affairs. Western scholars have attempted to explain Chinese foreign policy using historical or theoretical evidence, but until this volume, few studies from a Chinese perspective have been published in English.In Challenges to Chinese Foreign Policy: Diplomacy, Globalization, and the Next 410 0$aAsia in the new millennium. 607 $aChina$xForeign relations$y1976- 676 $a327.51 702 $aHao$b Yufan 702 $aWei$b C. X. George 702 $aDittmer$b Lowell 801 0$bMiAaPQ 801 1$bMiAaPQ 801 2$bMiAaPQ 906 $aBOOK 912 $a9910811568603321 996 $aChallenges to Chinese foreign policy$94103863 997 $aUNINA LEADER 01402nam 2200349z- 450 001 9910689764803321 005 20161209101642.0 035 $a(CKB)4920000000787668 035 $a(BIP)008569028 035 $a(EXLCZ)994920000000787668 100 $a20220104c2002uuuu -u- - 101 0 $aeng 200 10$aConsumer benefits of today's digital rights management (DRM) solutions $ehearing before the Subcommittee on Courts, the Internet, and Intellectual Property of the Committee on the Judiciary, House of Representatives, One Hundred Seventh Congress, second session, June 5, 2002 210 $cWashington: U.S. G.P.O. 215 $a1 online resource (iv, 70 p.) 311 $a0-16-068632-6 517 $aConsumer benefits of today's digital rights management 606 $aIntellectual property$zUnited States 606 $aCopyright and electronic data processing$zUnited States 606 $aConsumer protection$zUnited States 610 $aIntellectual property 610 $aCopyright and electronic data processing 610 $aConsumer protection 610 $aLaw 610 $aReference 615 0$aIntellectual property 615 0$aCopyright and electronic data processing 615 0$aConsumer protection 906 $aBOOK 912 $a9910689764803321 996 $aConsumer benefits of today's digital rights management (DRM) solutions$93134212 997 $aUNINA